• 首页
  • 本馆介绍
  • 公告通知
  • 最新文献
  • 馆藏检索
  • 电子资源
  • 读者导购
  • 参考咨询
  • 我的图书馆
  • 登录
  • 详细信息显示
  • 放入我的书架
  • 预约/预借图书
  • 作者相关作品
  • 分类相关作品
  • 丛书相关作品
  • 出版社相关作品

书目信息

  • 表格格式
  • 工作单格式
  • 卡片格式
题名:
欧内斯特·卢瑟福
    
 
作者: 约翰·罗兰 著 ;姜炳炘 译
分册:  
出版信息: 北京   原子能出版社  1978.12
页数: 165页
开本: 19cm
丛书名:
单 册:
中图分类: K612.081.1
科图分类:
主题词: 大洋洲--历史
电子资源:
ISBN:
000 00660nam0 2200217 45
001 0310090894
005 20040510152641.9
010    @dCNY0.45
091    @a15175.141
100    @a20031009d1978 km y0chiy0120 ea
101 0  @aeng
105    @aca z 000yy
200 1  @a欧内斯特·卢瑟福@AOu Nei Si Te·Lu Se Fu@f[新西兰]约翰·罗兰著@F[Xin Xi Lan]Yue Han·Luo Lan Zhu@g姜炳炘译
210    @a北京@c原子能出版社@d1978.12
215    @a165页@c肖像,照片@d19cm
606 0  @a大洋洲@x历史
690    @aK612.081.1@v3
701  0 @a约翰·罗兰@4著
702  0 @a姜炳炘@AJiang Bing Xin@4译
801    @aCN@bTSTC@c20031009
905    @dK612.081.1@e4-4@f1@b1070@f1@b1073
    
    欧内斯特·卢瑟福/[新西兰]约翰·罗兰著/姜炳炘译.-北京:原子能出版社,1978.12
    165页:肖像,照片;19cm
    
    
    ISBN :CNY0.45
    
●
相关链接 在E读中查询图书 在五车中查询图书 在当当中查询图书 在豆瓣中查询图书


正题名:欧内斯特·卢瑟福     索取号:K612.081.1/4-4         预约/预借

序号 登录号 条形码 馆藏地/架位号 状态 备注
1 0001070   001412055   第二借阅区/ [索取号:K612.081.1/4-4] 在馆    
2 0001073   001412091   第二借阅区/ [索取号:K612.081.1/4-4] 在馆    
唐山师范学院图书馆 欢迎您!
大连网信软件有限公司© 版权所有